Business ethics a stakeholder and issues management approach

Spremljeno u:
Bibliografski detalji
Glavni autor: Weiss, Joseph W
Format: Knjiga
Jezik:Undetermined
Izdano: Mason, OH Thomson South-Western 2006
Teme:
Online pristup:http://lrc.tdmu.edu.vn/opac/search/detail.asp?aID=2&ID=7274
Oznake: Dodaj oznaku
Bez oznaka, Budi prvi tko označuje ovaj zapis!
Thư viện lưu trữ: Trung tâm Học liệu Trường Đại học Thủ Dầu Một
LEADER 00732nam a2200205Ia 4500
001 TDMU_7274
008 210410s9999 xx 000 0 und d
082 |a 174.4 
090 |b W201 
100 |a Weiss, Joseph W 
245 0 |a Business ethics 
245 2 |b a stakeholder and issues management approach 
245 0 |c Joseph W. Weiss 
260 |a Mason, OH 
260 |b Thomson South-Western 
260 |c 2006 
300 |a xxix, 517 p 
650 |a Business ethics; Social responsibility of business; Đạo đức kinh doanh ; Trách nhiệm xã hội của doanh nghiệp 
856 |u http://lrc.tdmu.edu.vn/opac/search/detail.asp?aID=2&ID=7274 
980 |a Trung tâm Học liệu Trường Đại học Thủ Dầu Một